000 00317nam a2200145 i 4500
001 bg
100 1 _aKOMOROWSKA, H.
245 0 _aTesting English /
_cH. Komorowska.
250 _aWyd.3.
260 _aWarszawa,
_c1987.
040 _cBPK
041 _apol
942 _cKS
008 s pl f |000 0 pol
999 _c3371
_d3371
856 _uhttp://koha.tu.koszalin.pl/cgi-bin/koha/opac-detail.pl?biblionumber=3371
_yKatalog online BPK